[Event "Hessen-ch Gr-D 62nd"]
[Site "Hanau"]
[Date "2008.03.22"]
[Round "3"]
[White "Schneider, Udo"]
[Black "Taskor, Erkan"]
[Result "0-1"]
[WhiteElo "1854"]
[BlackElo "1597"]
[PlyCount "100"]
[EventDate "2008.03.21"]
[EventType "swiss"]
[EventRounds "5"]
[EventCountry "GER"]
[SourceTitle "CBM 123 Extra"]
[Source "ChessBase"]
[SourceDate "2008.05.06"]
[SourceVersion "1"]
[SourceVersionDate "2008.05.06"]
[SourceQuality "1"]

1. c4 Nf6 2. Nc3 e6 3. Nf3 d5 4. e3 c6 5. Be2 Bd6 6. d4 0-0 7. c5 Bc7 8. b4 Nbd7 9. a4 Qe7 10. b5 e5 11. a5 Re8 12. 0-0 h6 13. Ba3 Bxa5 14. Qb3 Bxc3 15. Qxc3 Ne4 16. Qb4 Ng5 17. Nxg5 Qxg5 18. f4 exf4 19. exf4 Qf6 20. Bd3 Re3 21. Qd2 Re8 22. Rae1 Rxe1 23. Rxe1 Qd8 24. Re3 Nf6 25. h3 Bd7 26. g4 Kf8 27. Bb4 Qc7 28. b6 Qb8 29. Qf2 a5 30. Bd2 a4 31. Qh4 Qd8 32. g5 Ng8 33. Qh5 a3 34. gxh6 Nxh6 35. Rg3 Qf6 36. Qe5 Qxe5 37. fxe5 Nf5 38. Bxf5 Bxf5 39. Rf3 a2 40. Bc3 a1Q+ 41. Bxa1 Rxa1+ 42. Rf1 Rxf1+ 43. Kxf1 Bxh3+ 44. Kf2 Ke7 45. Kg3 Bf5 46. Kf4 Ke6 47. Kg5 f6+ 48. exf6 gxf6+ 49. Kf4 Be4 50. Ke3 Kf5 0-1

[Event "Hessen-ch Gr-D 62nd"]
[Site "Hanau"]
[Date "2008.03.22"]
[Round "4"]
[White "Taskor, Erkan"]
[Black "Libuda, Thomas"]
[Result "0-1"]
[WhiteElo "1597"]
[BlackElo "1984"]
[PlyCount "122"]
[EventDate "2008.03.21"]
[EventType "swiss"]
[EventRounds "5"]
[EventCountry "GER"]
[SourceTitle "CBM 123 Extra"]
[Source "ChessBase"]
[SourceDate "2008.05.06"]
[SourceVersion "1"]
[SourceVersionDate "2008.05.06"]
[SourceQuality "1"]

1. d4 g6 2. Nf3 Bg7 3. Bf4 d6 4. e3 Nf6 5. h3 0-0 6. Be2 Nbd7 7. 0-0 c5 8. c3 b6 9. Nbd2 Bb7 10. a4 a6 11. Bh2 Ra7 12. Rc1 Qa8 13. Re1 Re8 14. Bf1 Bc6 15. b3 Nd5 16. c4 Nb4 17. d5 Bb7 18. Ne4 b5 19. Nfd2 bxa4 20. bxa4 Qd8 21. h4 Bc8 22. h5 Ne5 23. Nf3 Bg4 24. Bxe5 Bxe5 25. hxg6 fxg6 26. Nc3 e6 27. Be2 Bxc3 28. Rxc3 Qf6 29. Rb3 exd5 30. cxd5 Rf7 31. Qd2 a5 32. Rd1 Bf5 33. Ne1 Ref8 34. f3 Qh4 35. e4 Bc8 36. Qe3 Re7 37. Rc1 Bb7 38. Qd2 Re5 39. Nd3 Rh5 40. Nxb4 axb4 41. Qe1 Qh2+ 42. Kf2 Qe5 43. Bc4 Rg5 44. Kf1 Rh5 45. Ke2 Rg5 46. Kf1 Qh2 47. Qf2 Bc8 48. Qg1 Qe5 49. Rcb1 Qxe4 50. Be2 Bh3 51. Ke1 Qh4+ 52. Kd2 Bxg2 53. Qe3 Re5 54. Qd3 Qf2 55. Qc4 Bxf3 56. Re1 Bxd5 57. Qd3 Bxb3 58. Qxb3+ Kg7 59. Kd1 Qd4+ 60. Kc1 Rxe2 61. Rxe2 Rf1+ 0-1

[Event "Rhein Main op 07th"]
[Site "Bad Homburg"]
[Date "2004.06.13"]
[Round "7.52"]
[White "Kanning, Thorsten"]
[Black "Taskor, Erkan"]
[Result "0-1"]
[WhiteElo "1658"]
[BlackElo "1450"]
[PlyCount "104"]
[EventDate "2004.06.09"]
[EventType "swiss"]
[EventRounds "7"]
[EventCountry "GER"]
[SourceTitle "CBM 100 Extra"]
[Source "ChessBase"]
[SourceDate "2004.07.06"]
[SourceVersion "2"]
[SourceVersionDate "2004.07.06"]
[SourceQuality "1"]

1. e4 e6 2. d4 d5 3. Nd2 dxe4 4. Nxe4 Nd7 5. Be3 Ngf6 6. Nxf6+ Nxf6 7. Bg5 Be7 8. Nf3 0-0 9. Bd3 b6 10. Bxf6 Bxf6 11. c3 Bb7 12. Qc2 g6 13. 0-0-0 Qe7 14. Kb1 Rac8 15. Be4 c5 16. Bxb7 Qxb7 17. dxc5 Rxc5 18. Rd3 Rfc8 19. Rhd1 a5 20. Nd4 Qxg2 21. Qb3 Bxd4 22. Rxd4 Qb7 23. Rd8+ Rxd8 24. Rxd8+ Kg7 25. Qd1 Rd5 26. Rxd5 Qxd5 27. Qe2 f5 28. Kc1 Kf6 29. Qe3 b5 30. b3 Qh1+ 31. Kb2 Qxh2 32. Qd4+ Kg5 33. Qd8+ Kg4 34. Qd1+ Kg5 35. Qd8+ Kh6 36. Qf8+ Kh5 37. Qe7 Qxf2+ 38. Kb1 Qe1+ 39. Kc2 Qe4+ 40. Kb2 h6 41. Qa7 a4 42. Qg1 axb3 43. axb3 g5 44. Qh2+ Kg6 45. Qb8 Qe2+ 46. Ka3 Kh5 47. Qe8+ Kg4 48. Qf8 h5 49. Qc5 h4 50. Qd4+ f4 51. Qg1+ Kh5 52. Qd4 h3 0-1

[Event "Rhein Main op 07th"]
[Site "Bad Homburg"]
[Date "2004.06.09"]
[Round "1.41"]
[White "Lebermann, Hellmuth"]
[Black "Taskor, Erkan"]
[Result "1-0"]
[WhiteElo "1931"]
[BlackElo "1450"]
[PlyCount "39"]
[EventDate "2004.06.09"]
[EventType "swiss"]
[EventRounds "7"]
[EventCountry "GER"]
[SourceTitle "CBM 100 Extra"]
[Source "ChessBase"]
[SourceDate "2004.07.06"]
[SourceVersion "2"]
[SourceVersionDate "2004.07.06"]
[SourceQuality "1"]

1. e4 e6 2. c4 b6 3. Nc3 Bb7 4. d4 Bb4 5. Bd3 d6 6. Nf3 Nd7 7. 0-0 Ne7 8. Re1 0-0 9. Re3 Ng6 10. Ne2 d5 11. cxd5 exd5 12. e5 Be7 13. Bc2 b5 14. Qd3 a6 15. h4 Re8 16. h5 Ngf8 17. Nh2 c5 18. Rg3 cxd4 19. Ng4 Bh4 20. Nh6+ 1-0